| 000 | 00538nam a2200169Ia 4500 | ||
|---|---|---|---|
| 005 | 20260601193247.0 | ||
| 008 | 260601s9999||||xx |||||||||||||| ||und|| | ||
| 020 |
_a978-3-031-57549-5 _qebk |
||
| 100 | _aPierre M. Nugues | ||
| 245 | 0 | _aPython for Natural Language Processing | |
| 250 | _aThird Edition 2024 | ||
| 260 |
_aHeidelberg, Germany _bSpringer Nature _c2024 |
||
| 440 | _aCognitive Technologies | ||
| 650 | _aComputer Science | ||
| 856 | _uhttps://link.springer.com/openurl?genre=book&isbn=978-3-031-57549-5 | ||
| 942 |
_cEB _2ddc |
||
| 999 |
_c56620 _d56620 |
||